000 00702nam a2200229Ia 4500
003 OSt
005 20221007074200.0
006 a|||||r|||| 00| 0
007 ta
008 221006b |||||||| |||| 00| 0 eng d
024 _a27,152
037 _cReports / Technical Reports
040 _aFLL
_cFLL
_beng
041 _2eng
_aeng
082 _aZ41, L0
100 _aCohen Jerome Alan Ed.
_9649522
245 0 _aContemporary Chinese law
_b Research problems and perspectives
260 _aMassachusetts
_bHarvard University Press Massachusetts
_c1970
300 _a380p
_ccm.
942 _hZ41, L0
_cREP
_2CC
999 _c1151457
_d1151457